[Event "RUS Central Region-ch"]
[Site "Tula"]
[Date "2004.03.20"]
[Round "7"]
[White "Okun, Leonid"]
[Black "Krasnov, Yury"]
[Result "1-0"]
[WhiteElo "2227"]
[BlackElo "2444"]
[PlyCount "53"]
[EventDate "2004.03.14"]
[EventType "swiss"]
[EventRounds "9"]
[EventCountry "RUS"]
[SourceTitle "EXT 2005"]
[Source "ChessBase"]
[SourceDate "2004.11.15"]
[SourceVersion "1"]
[SourceVersionDate "2004.11.15"]
[SourceQuality "1"]

1. c4 Nf6 2. Nc3 d5 3. cxd5 Nxd5 4. g3 g6 5. Bg2 Nxc3 6. bxc3 Bg7 7. Rb1 c6 8. Nf3 0-0 9. 0-0 Qa5 10. Qc2 Na6 11. d4 Rb8 12. Bf4 Nc7 13. Nd2 Be6 14. Rb4 Rfc8 15. Ra4 Qb5 16. Ne4 Bg4 17. f3 Bf5 18. Rb1 Qd5 19. Qd3 g5 20. Bxc7 Rxc7 21. Rxa7 e5 22. Nf6+ Bxf6 23. Qxf5 Qd6 24. dxe5 Qc5+ 25. Kh1 Qxa7 26. exf6 Qe3 27. f4 1-0

[Event "Voronezh Master op"]
[Site "Voronezh"]
[Date "2003.06.13"]
[Round "2"]
[White "Okun, Leonid"]
[Black "Shishkin, Vadim"]
[Result "0-1"]
[WhiteElo "2349"]
[BlackElo "2449"]
[PlyCount "92"]
[EventDate "2003.06.12"]
[EventType "swiss"]
[EventRounds "9"]
[EventCountry "RUS"]
[SourceTitle "CBM 094 Extra"]
[Source "ChessBase"]
[SourceDate "2003.07.09"]
[SourceVersion "2"]
[SourceVersionDate "2003.07.09"]
[SourceQuality "1"]

1. c4 Nf6 2. Nc3 d5 3. cxd5 Nxd5 4. g3 Nb6 5. Bg2 g6 6. Nf3 Bg7 7. 0-0 Nc6 8. Rb1 0-0 9. d3 Re8 10. Bd2 e5 11. Ne1 Nd4 12. b4 c6 13. a4 Bg4 14. h3 Be6 15. e3 Nf5 16. a5 Nd5 17. Na4 Nfe7 18. Nc5 Bc8 19. Qa4 Nc7 20. e4 b6 21. Nb3 Ba6 22. Nc1 Ne6 23. Be3 Qc7 24. Nb3 f5 25. Qa2 Kh8 26. Nd2 f4 27. gxf4 exf4 28. axb6 axb6 29. Bxb6 Qxb6 30. Qxe6 Nf5 31. Nc4 Bxc4 32. Qxc4 Ng3 33. Nf3 Nxf1 34. Kxf1 Qb5 35. Qxb5 cxb5 36. d4 Ra4 37. e5 Rd8 38. e6 Bf6 39. Re1 Kg7 40. d5 Kf8 41. Rd1 Ra1 42. Rxa1 Bxa1 43. Ng5 Ke7 44. Nxh7 Be5 45. Ng5 Bb8 46. Nf3 Rxd5 0-1